000 00266nam a22001217a 4500
008 180927b xxu||||| |||| 00| 0 eng d
041 _aeng
080 _a621
100 _a26
101 _aEBG
245 _aMathematics For Engineers
_cBrown.C B
942 _2udc
_cBK
999 _c48532
_d48532